| 000 | 00000nam 2200000za 4500 |
| 001 | 9.833590 |
| 003 | CaOODSP |
| 005 | 20221107150241 |
| 007 | cr ||||||||||| |
| 008 | 170309s2016 xxc |||# f000 0 eng d |
| 040 | |aCaOODSP|beng |
| 041 | |aeng|bfre |
| 043 | |an-cn--- |
| 086 | 1 |aSC103-38/12-2016E-PDF |
| 245 | 00|aC256 - Preparation for the English as a second language evaluation. |pWritten expression 7 and 8 |h[electronic resource]. |
| 246 | 30|aPreparation for the English as a second language evaluation |
| 246 | 3 |aWritten expression 7 and 8 |
| 260 | |a[Ottawa] : |bCanada School of Public Service, Learning Programs Branch, Language Training Division, |cc2016. |
| 300 | |aviii, 118 p. |
| 500 | |a"July 2016." |
| 505 | 2 |aNote/Avertissement -- Instructions (English) -- Directives (français) -- Written expression 7 -- Answer sheet -- Answer key -- Explanations -- Written expression 8 -- Answer sheet -- Answer key -- Explanations. |
| 546 | |aIncludes some text in French. |
| 692 | 07|2gccst|aSecond language assessment |
| 692 | 07|2gccst|aEnglish second language |
| 710 | 2 |aCanada School of Public Service. |
| 856 | 40|qPDF|s1.16 MB|uhttps://publications.gc.ca/collections/collection_2017/efpc-csps/SC103-38-12-2016-eng.pdf |